000 00503nam a2200181Ia 4500
001 9392
005 20260306161715.0
008 260306t2012||||xx |||||||||||||| ||spa||
041 _aESP
082 _a378.199
_bZ12
100 _aZabalza Beraza, Miguel A.
_eAUT
245 0 _aPlanificación de la docencia en la universidad:
_belaboración de las guías docentes de las materias
260 _c2012
300 _a219 páginas :
_c23 cm.
650 _aGEN
654 _aCED
942 _cLIB
_dJUS
_fJUS
_2ddc
_n
999 _c9392
_d9392